000 00477nam a2200181Ia 4500
003 GCL
008 140319s9999 xx 000 0 aRus d
040 _aGCL /
_cGCL
082 0 4 _a860
_bD A
100 1 _aDIEGO, GERARDO
245 1 0 _aANTOLOGIA POETICA EN BONOR DE GONGORA RECOGIDO /
_cDIEGO, GERARDO
260 _a[S.N] :
_bA LIANZA EDITORIAL ،
_c1979
300 _a190 P
650 0 4 _aLITERATURE
650 0 4 _aPOETRY
650 0 4 _aSPANISH LITERATURE
942 _2ddc
_cBK
999 _c24383
_d24383